|
|
|
|
| LEADER |
02886nam a2200517 4500 |
| 001 |
978-3-319-94439-5 |
| 003 |
DE-He213 |
| 005 |
20191025221144.0 |
| 007 |
cr nn 008mamaa |
| 008 |
180623s2018 gw | s |||| 0|eng d |
| 020 |
|
|
|a 9783319944395
|9 978-3-319-94439-5
|
| 024 |
7 |
|
|a 10.1007/978-3-319-94439-5
|2 doi
|
| 040 |
|
|
|d GrThAP
|
| 050 |
|
4 |
|a QD410-412.5
|
| 072 |
|
7 |
|a PNND
|2 bicssc
|
| 072 |
|
7 |
|a SCI013040
|2 bisacsh
|
| 072 |
|
7 |
|a PNND
|2 thema
|
| 082 |
0 |
4 |
|a 547.05
|2 23
|
| 100 |
1 |
|
|a Solioz, Marc.
|e author.
|4 aut
|4 http://id.loc.gov/vocabulary/relators/aut
|
| 245 |
1 |
0 |
|a Copper and Bacteria
|h [electronic resource] :
|b Evolution, Homeostasis and Toxicity /
|c by Marc Solioz.
|
| 250 |
|
|
|a 1st ed. 2018.
|
| 264 |
|
1 |
|a Cham :
|b Springer International Publishing :
|b Imprint: Springer,
|c 2018.
|
| 300 |
|
|
|a XIII, 88 p. 28 illus.
|b online resource.
|
| 336 |
|
|
|a text
|b txt
|2 rdacontent
|
| 337 |
|
|
|a computer
|b c
|2 rdamedia
|
| 338 |
|
|
|a online resource
|b cr
|2 rdacarrier
|
| 347 |
|
|
|a text file
|b PDF
|2 rda
|
| 490 |
1 |
|
|a SpringerBriefs in Biometals,
|x 2212-9901
|
| 505 |
0 |
|
|a Copper - a modern bioelement -- The essence of copper homeostasis -- Copper toxicity mechanisms -- Copper homeostasis in Gram-positive bacteria -- Copper homeostasis in Gram-negative bacteria -- Chalkophores, the 'siderophores' for copper -- Copper loading of cuproenzymes -- Contact killing of bacteria by metallic copper.
|
| 520 |
|
|
|a In the past two decades, great progress has been made in the understanding of copper as a bioelement. The book summarizes the current knowledge of copper toxicity, homeostasis and resistance in bacteria, in which proteins like copper ATPases, copper chaperones and copper-responsive regulators of gene expression play major roles. The author also discusses the metallation of cuproenzymes. The evolution of the use of copper by cells and of copper-homeostatic proteins are is also considered in this Brief.
|
| 650 |
|
0 |
|a Organometallic chemistry .
|
| 650 |
|
0 |
|a Microbiology.
|
| 650 |
|
0 |
|a Bacteriology.
|
| 650 |
|
0 |
|a Medical microbiology.
|
| 650 |
1 |
4 |
|a Organometallic Chemistry.
|0 http://scigraph.springernature.com/things/product-market-codes/C19020
|
| 650 |
2 |
4 |
|a Applied Microbiology.
|0 http://scigraph.springernature.com/things/product-market-codes/C12010
|
| 650 |
2 |
4 |
|a Bacteriology.
|0 http://scigraph.springernature.com/things/product-market-codes/L23012
|
| 650 |
2 |
4 |
|a Medical Microbiology.
|0 http://scigraph.springernature.com/things/product-market-codes/B16003
|
| 710 |
2 |
|
|a SpringerLink (Online service)
|
| 773 |
0 |
|
|t Springer eBooks
|
| 776 |
0 |
8 |
|i Printed edition:
|z 9783319944388
|
| 776 |
0 |
8 |
|i Printed edition:
|z 9783319944401
|
| 830 |
|
0 |
|a SpringerBriefs in Biometals,
|x 2212-9901
|
| 856 |
4 |
0 |
|u https://doi.org/10.1007/978-3-319-94439-5
|z Full Text via HEAL-Link
|
| 912 |
|
|
|a ZDB-2-CMS
|
| 950 |
|
|
|a Chemistry and Materials Science (Springer-11644)
|